| 000 | 01736cad a22002055a 4500 | ||
|---|---|---|---|
| 001 | E147649 | ||
| 008 | 090602e20090515xxk 000 0 eng d | ||
| 035 | _a(Sirsi) u147649 | ||
| 041 | 0 | _aeng | |
| 245 | 0 | 0 |
_aChas Storer Limited v Secretary of State for Communities and Local Government and Hertfordshire County Council _h[electronic resource] |
| 260 | _c2009 | ||
| 520 | _a[2009] EWHC 1071, 15 May 2009. Concerns an appeal under the Town and Country Planning Act 1990 S289 by Chas Storer Limited (C) against the decision of an inspector appointed by the SoS to dismiss C's appeal against an enforcement notice issued by Hertfordshire County Council (H) alleging a breach of planning control. The enforcement notice related to an alleged material change in the use of land used for waste processing by C, which arose from changes in the type of materials brought onto the site. The notice imposed requirements restricting the type of materials which could be processed, as well as the hours of operation and number of lorry movements to and from the site. "Held": appeal allowed. The alleged change of use did not involve hours of operation or increased vehicle movements, and these should not have been included in the enforcement notice. Referred back to SoS for re-hearing and determination. | ||
| 590 | _aKA | ||
| 650 | 2 | 4 | _aTOWN AND COUNTRY PLANNING ACT 1990 S289 |
| 650 | 2 | 4 | _aCHAS STORER LTD V SOS AND HERTFORDSHIRE COUNTY COUNCIL |
| 651 | 4 |
_aEngland and Wales _y1543- |
|
| 690 | _aENVIRONMENTAL AND LAND CONSULTANCY-PLANNING AND DEVELOPMENT-DEVELOPMENT CONTROL-PLANNING ENFORCEMENT | ||
| 856 | 4 | 0 |
_uhttps://www.bailii.org/ew/cases/EWHC/Admin/2009/1071.html _zView the case free of charge at www.baillii.org... |
| 942 | _n0 | ||
| 999 |
_c81594 _d81594 |
||